Rada vlády SR pre verejnú správu
Vláda SR uznesením č.10 z januára 1995 zmenila názov Rady vlády SR pre rozvoj regiónov na Radu vlády SR pre verejnú správu. Schválený štatút určuje postavenie vlády SR pre verejnú správu ako poradného, iniciatívneho a koordinačného orgánu vlády SR, vymedzuje rámec jej činnosti, práva a povinnosti čl...
Salvato in:
| Natura: | Capitolo di libro |
|---|---|
| Lingua: | slovacco |
| Soggetti: | |
| Tags: |
Nessun Tag, puoi essere il primo ad aggiungerne!!
|
MARC
| LEADER | 00000naa a2200000 4500 | ||
|---|---|---|---|
| 001 | r018001 | ||
| 005 | 20221213101416.7 | ||
| 041 | 0 | |a slo | |
| 044 | |a SK | ||
| 245 | 1 | 0 | |a Rada vlády SR pre verejnú správu |
| 520 | |a Vláda SR uznesením č.10 z januára 1995 zmenila názov Rady vlády SR pre rozvoj regiónov na Radu vlády SR pre verejnú správu. Schválený štatút určuje postavenie vlády SR pre verejnú správu ako poradného, iniciatívneho a koordinačného orgánu vlády SR, vymedzuje rámec jej činnosti, práva a povinnosti členov Rady vlády SR pre verejnú správu a spôsob jej rokovania. Úplné znenie štatútu Rady vlády SR pre verejnú správu. | ||
| 610 | 2 | 0 | |a správa verejná |
| 610 | 2 | 0 | |a štatúty |
| 610 | 2 | 0 | |a orgány štátne |
| 610 | 2 | 0 | |a Slovensko |
| 610 | 2 | 0 | |a Rada vlády SR pre verejnú správu Bratislava |